Historia de la legislación española, desde los tiempos más remotos hasta nuestros días
Saved in:
| Hovedforfatter: | |
|---|---|
| Format: | Bog |
| Sprog: | spansk |
| Udgivet: |
Madrid
San Francisco de Sales
1895
|
| Udgivelse: | 4a. ed |
| Serier: | Colección de Derecho. Historia del Derecho
|
| Fag: | |
| Tags: |
Tilføj Tag
Ingen Tags, Vær først til at tagge denne postø!
|
MARC
| LEADER | 00000nam a2200000 a 4500 | ||
|---|---|---|---|
| 001 | UCL4762 | ||
| 003 | CL-VaPUC | ||
| 008 | 040227e18950000sp |||||||||||||||||spa|d | ||
| 020 | |a 8495283735 | ||
| 082 | 0 | 4 | |a 340.0946 |b ANT |2 21 |
| 100 | |a Antequera, José María |e autor |9 482427 | ||
| 245 | 1 | 0 | |a Historia de la legislación española, desde los tiempos más remotos hasta nuestros días |
| 250 | |a 4a. ed | ||
| 300 | |a 675 p | ||
| 942 | |c BK | ||
| 945 | |d 20040227 00:00:00 |a cmena | ||
| 260 | |a Madrid |b San Francisco de Sales |c 1895 | ||
| 500 | |a Reimpresión facsímil año 2002 | ||
| 650 | 0 | |a Derecho español |9 255291 | |
| 650 | 7 | |a HISTORIA DEL DERECHO ESPAÑOL |2 CL-VaPUC |9 482428 | |
| 583 | |a last modification |c 20150430 03:35:21 |k Rodrigo Vera | ||
| 490 | 0 | |a Colección de Derecho. Historia del Derecho | |
| 999 | |c 307533 |d 307531 | ||
| 952 | |0 0 |1 0 |4 0 |6 340_094600000000000_ANT_1895 |7 0 |8 DER_HIS |9 373549 |a BIBDER |b BIBDER |d 2019-11-21 |i 3977137 |l 1 |o 340.0946 ANT 1895 |p 3977137 |r 2023-01-25 |s 2020-03-17 |w 2019-11-21 |x Ubicación 4to Piso |y BK |z Estos recursos deben solicitarse con anticipación |k DER | ||